<?xml version="1.0" encoding="UTF-8"?>
<collection xmlns="http://www.loc.gov/MARC21/slim">
 <record>
  <leader>01574nam a2200289 a 4500</leader>
  <controlfield tag="001">1/48959</controlfield>
  <controlfield tag="008">190619s2006    gr       b    00110 gre  </controlfield>
  <datafield tag="020" ind1=" " ind2=" ">
   <subfield code="a">9608354463 (set)</subfield>
  </datafield>
  <datafield tag="020" ind1=" " ind2=" ">
   <subfield code="a">960835448X (τ. 2)</subfield>
  </datafield>
  <datafield tag="035" ind1=" " ind2=" ">
   <subfield code="l">51957</subfield>
  </datafield>
  <datafield tag="040" ind1=" " ind2=" ">
   <subfield code="a">GR-PeUP</subfield>
  </datafield>
  <datafield tag="080" ind1="0" ind2=" ">
   <subfield code="a">949.6 JEL ΜΤΦ</subfield>
  </datafield>
  <datafield tag="100" ind1="1" ind2=" ">
   <subfield code="a">Jelavich, Barbara,</subfield>
   <subfield code="d">1923-</subfield>
  </datafield>
  <datafield tag="245" ind1="1" ind2="0">
   <subfield code="a">Ιστορία των Βαλκανίων II</subfield>
   <subfield code="c">Barbara Jelavich ; μετάφραση Χριστίνα Δεληστάθη, Σταυρούλα Γιαννοπούλου ; επιμέλεια Βάσιας Τσοκόπουλος.</subfield>
  </datafield>
  <datafield tag="260" ind1="0" ind2=" ">
   <subfield code="a">Αθήνα :</subfield>
   <subfield code="b">Πολύτροπον,</subfield>
   <subfield code="c">2006.</subfield>
  </datafield>
  <datafield tag="300" ind1=" " ind2=" ">
   <subfield code="a">2 τ. (707 σ.) ;</subfield>
   <subfield code="c">24 εκ.</subfield>
  </datafield>
  <datafield tag="490" ind1="1" ind2=" ">
   <subfield code="a">Ιστορία ;</subfield>
  </datafield>
  <datafield tag="500" ind1=" " ind2=" ">
   <subfield code="a">Μετάφραση του: History of the Balkans, Twentieth century.</subfield>
  </datafield>
  <datafield tag="504" ind1=" " ind2=" ">
   <subfield code="a">Περιλαμβάνει βιβλιογραφικές παραπομπές και ευρετήριο.</subfield>
  </datafield>
  <datafield tag="505" ind1="0" ind2=" ">
   <subfield code="a">Τ1 : 18ος-19ος αιώνας -- τ. : 20ός αιώνας.</subfield>
  </datafield>
  <datafield tag="651" ind1=" " ind2="4">
   <subfield code="a">Βαλκανική χερσόνησος</subfield>
   <subfield code="x">Ιστορία</subfield>
   <subfield code="y">20ος αιώνας.</subfield>
  </datafield>
  <datafield tag="651" ind1=" " ind2="4">
   <subfield code="a">Βαλκανική Χερσόνησος</subfield>
   <subfield code="x">Ιστορία</subfield>
   <subfield code="y">19ος αιώνας.</subfield>
  </datafield>
  <datafield tag="700" ind1="1" ind2=" ">
   <subfield code="a">Γιαννοπούλου, Σταυρούλα.</subfield>
  </datafield>
  <datafield tag="700" ind1="1" ind2=" ">
   <subfield code="a">Τσοκόπουλος, Βάσιας,</subfield>
   <subfield code="d">1958-</subfield>
  </datafield>
  <datafield tag="830" ind1=" " ind2=" ">
   <subfield code="a">Ιστορία.</subfield>
  </datafield>
  <datafield tag="852" ind1=" " ind2=" ">
   <subfield code="a">INST</subfield>
   <subfield code="b">UNIPILB</subfield>
   <subfield code="c">MAIN</subfield>
   <subfield code="e">20190619</subfield>
   <subfield code="h">949.6 JEL ΜΤΦ</subfield>
   <subfield code="p">00181557</subfield>
   <subfield code="q">00181557</subfield>
   <subfield code="t">LOAN</subfield>
   <subfield code="v">τ.2:</subfield>
   <subfield code="y">0</subfield>
   <subfield code="z">τ.2</subfield>
   <subfield code="4">1</subfield>
  </datafield>
  <datafield tag="852" ind1=" " ind2=" ">
   <subfield code="a">INST</subfield>
   <subfield code="b">UNIPILB</subfield>
   <subfield code="c">MAIN</subfield>
   <subfield code="e">20190627</subfield>
   <subfield code="h">949.6 JEL ΜΤΦ</subfield>
   <subfield code="p">00181668</subfield>
   <subfield code="q">00181668</subfield>
   <subfield code="t">LOAN</subfield>
   <subfield code="v">τ.2:</subfield>
   <subfield code="y">0</subfield>
   <subfield code="z">τ.2</subfield>
   <subfield code="4">2</subfield>
  </datafield>
 </record>
</collection>
